| 000 | 00421nam a2200181Ia 4500 | ||
|---|---|---|---|
| 003 | 0STCL | ||
| 008 | 150530s9999 xx 000 0 und d | ||
| 040 |
_aSTCL _cSTCL |
||
| 100 | _aBalakrishnan, B.C.; Narayana Pillai | ||
| 245 | _aSabdasagaram | ||
| 250 | _a3 | ||
| 260 |
_bD.C books; Kottayam _c2006 _aKottayam |
||
| 300 | _a0 | ||
| 546 | _aEnglish | ||
| 942 |
_2ddc _cBK |
||
| 999 |
_c16931 _d16931 |
||
| 005 | 20220125165759.0 | ||